000 00337nam a2200133Ia 4500
003 GCL
008 140319s9999 xx 000 0 ara d
040 _aGCL /
_cGCL
082 0 4 _a811.9
_bع ف
100 1 _aعلى السبتى
245 1 0 _aفى الهواء الطلق: اشعار /
_cعلى السبتى
300 _a82 ص
490 _a
999 _c37907
_d37907